| 000 | 00549nam a2200181Ia 4500 | ||
|---|---|---|---|
| 999 |
_c35700 _d35700 |
||
| 003 | GCL | ||
| 005 | 20240530102947.0 | ||
| 008 | 140319s9999 xx 000 0 ara d | ||
| 040 |
_aGCL / _cGCL |
||
| 082 | 0 | 4 |
_a791.43 _bم ك |
| 100 | 1 | _aمدكور ثابت | |
| 245 | 1 | 0 |
_aالكسر النسبى فى الايهام السينمائى / _cمدكور ثابت |
| 260 |
_a[S.N] : _bالهيئة المصرية العامة للكتاب ، _c1994 |
||
| 300 | _a393 ص | ||
| 650 | 0 | 4 | _aالسينما |
| 650 | 0 | 4 | _aالاخراج |
| 942 |
_2ddc _cBK |
||